|
|
|
|
| LEADER |
00000nas a2200000 a 4500 |
| 001 |
ssj0007674 |
| 003 |
WaSeSS |
| 005 |
20200512172242.0 |
| 006 |
m d |
| 007 |
cr n |
| 008 |
980717c19649999oncmr pss 0 a0eng d |
| 010 |
|
|
|a cn 99790011
|
| 015 |
|
|
|a C 750718153
|
| 022 |
|
|
|a 1480-3313
|l 0008-4077
|y 0008-4077
|
| 035 |
|
|
|a (WaSeSS)ssj0007674
|
| 037 |
|
|
|b Canadian Science Publishing, NRC Research Press, P.O. Box 830399, Birmingham, AL 35283-0399
|
| 040 |
|
|
|a F#A
|b eng
|e pn
|c F#A
|d NLC
|d OCL
|d OCLCQ
|d OCL
|d OCLCS
|d IUL
|d OCLCQ
|d OCLCO
|d OCLCQ
|d OCLCF
|d AU@
|d MST
|d CSU
|d OCLCE
|d EUM
|d OCLCQ
|d DLC
|d OCLCO
|d OCLCQ
|d WT2
|d OCLCQ
|d UMC
|d OCLCQ
|d TOF
|d WYU
|d VT2
|d OCLCQ
|d WaSeSS
|
| 041 |
0 |
|
|b eng
|b fre
|
| 042 |
|
|
|a nlc
|a isds/c
|
| 043 |
|
|
|a n-cn---
|
| 050 |
1 |
4 |
|a QE1
|b .C17
|
| 082 |
0 |
4 |
|a 551/.05
|2 21
|
| 130 |
0 |
|
|a Canadian journal of earth sciences (Online)
|
| 210 |
0 |
|
|a Can. j. earth sci.
|b (Online)
|
| 222 |
|
0 |
|a Canadian journal of earth sciences
|b (Online)
|
| 245 |
1 |
0 |
|a Canadian journal of earth sciences
|h [electronic resource] =
|b Revue canadienne des sciences de terre.
|
| 246 |
3 |
1 |
|a Revue candienne des sciences de terre
|
| 260 |
|
|
|a [Ottawa] :
|b [National Research Council Canada]
|
| 260 |
3 |
|
|3 <2010->
|a Ottawa, ON :
|b Canadian Science Publishing
|
| 310 |
|
|
|a Monthly
|
| 362 |
1 |
|
|a Began in 1964.
|
| 506 |
|
|
|a License restrictions may limit access.
|
| 546 |
|
|
|a Abstracts in English and French.
|
| 550 |
|
|
|a Official medium of the Geological Association of Canada.
|
| 588 |
0 |
|
|a Vol. 35, no. 2 (Feb. 1998); title from journal information screen (viewed July 13, 1998).
|
| 588 |
1 |
|
|a Volume 55, number 4 (Apr. 2018); (NRC Research Press website, viewed May 9, 2018).
|
| 650 |
|
0 |
|a Geology
|z Canada
|v Periodicals.
|
| 650 |
|
0 |
|a Geology
|v Periodicals.
|
| 650 |
|
0 |
|a Geology
|z Canada.
|
| 650 |
|
6 |
|a Géologie
|z Canada
|v Périodiques.
|
| 650 |
|
6 |
|a Géologie
|v Périodiques.
|
| 650 |
|
7 |
|a Geology.
|2 fast
|0 (OCoLC)fst00940627
|
| 650 |
1 |
7 |
|a Aardwetenschappen.
|2 gtt
|
| 651 |
|
7 |
|a Canada.
|2 fast
|0 (OCoLC)fst01204310
|
| 655 |
|
0 |
|a Electronic journals.
|
| 710 |
2 |
|
|a Geological Association of Canada.
|
| 710 |
2 |
|
|a National Research Council Canada.
|
| 776 |
0 |
8 |
|i Print version:
|t Canadian journal of earth sciences
|x 0008-4077
|w (DLC) 65009875
|w (OCoLC)2248673
|
| 856 |
4 |
0 |
|z Full text available from Research Library: 03/01/1998 to 05/31/2007
|u https://search.proquest.com/publication/6728
|